000 00981cam a2200253 a 4500
001 000003156
005 20260313112256.0
008 871204s1986 cu a b 000 0 spa
040 _aDO-SdBNP
_cDLC
_dDLC
082 _a928.97284
_bR311
245 0 0 _aRecopilación de textos sobre Roque Dalton /
_cSelección y prólogo de Horacio García Verzi.
260 _aLa Habana :
_bCentro de Investigaciones Literarias. Casa de las Américas,
_c1986.
300 _a674 p. :
_bil. ;
_c21 cm.
490 1 _aValoración múltiple
504 _aBibliografía: p. 653-664.
600 1 0 _aDALTON, ROQUE,
_d1935-1975
_xCRÍTICA E INTERPRETACIÓN
_99960
650 0 _aPoesía
_94503
650 0 _aAntologías
_98656
700 1 _aDalton, Roque,
_d1935-1975
_99961
700 1 _aVerzi, Horacio García,
_eselección y pról.
_99962
710 2 _aCasa de las Américas.
_bCentro de Investigaciones Literarias.
_99963
830 0 _aValoración múltiple
_99964
910 _aCatalogación por copia / LC
999 _c2987
_d2987